Un métier par lettre de l'alphabet - Statistiques

Statistiques générales
  • Ce quiz a été pris 1 766 fois
  • Le résultat moyen est 19 sur 26
Statistiques - réponses
Par images Réponse % Correct
Boulanger
99%
Chanteur
99%
Dentiste
98%
Arbitre
97%
Electricien
96%
Footballeur
96%
Nageur professionnel
94%
Pompier
93%
Guitariste
92%
Hôtesse de l'air
90%
Mannequin
88%
Jardinier
87%
Tennis man
85%
Violoniste
82%
Youtuber
78%
Libraire
76%
Kayakiste
72%
Infirmière
68%
Zoologiste
67%
Serveur
62%
Restaurateur
59%
Wagonnier
28%
Ostréiculteur
26%
Quincaillier
7%
Xylophoniste professionnel
6%
Urbaniste
2%
Aucun quiz correspondant
Distribution des résultats
% des personnes avec chaque résultat
Percentile par nombre de réponses
Votre historique - résultats
Vous n’avez pas pris ce quiz